000 00433nam a2200145Ia 4500
008 100122s9999 xx 000 0 und d
082 _b21124
_a823
100 _aपांढरीपांडे विजय
245 _aपत्रांजली
260 _bमेनका प्रकाशन
_c1974
300 _a194
630 _aपत्रांजली
730 _aपत्रांजली
942 _cBOOK
999 _c409326
_d409323